[Event "Bundesliga 9697"]
[Site "Deutschland"]
[Date "1997.??.??"]
[Round "?.7"]
[White "Dudek, Richard"]
[Black "Heinemann, Thies"]
[Result "1/2-1/2"]
[WhiteElo "2305"]
[BlackElo "2425"]
[PlyCount "123"]
[EventDate "1996.10.??"]
[EventType "team"]
[EventRounds "15"]
[EventCountry "GER"]
[SourceTitle "Bundesliga 9697"]
[Source "DeepChess"]
[SourceDate "2005.01.01"]
[SourceVersion "1"]
[SourceVersionDate "2005.01.01"]
[SourceQuality "1"]
[WhiteTeam "SC Eppingen e.V."]
[BlackTeam "Hamburger SK 1830 e.V."]
[WhiteTeamCountry "GER"]
[BlackTeamCountry "GER"]

1. e4 c5 2. Nc3 a6 3. g3 b5 4. Bg2 Bb7 5. d3 d6 6. f4 g6 7. Nf3 Bg7 8. O-O Nc6
9. a3 Nd4 10. Be3 e6 11. Rb1 Ne7 12. Ne2 Nxf3+ 13. Bxf3 O-O 14. c3 Rc8 15. g4
f5 16. Ng3 Qd7 17. Qd2 Rc7 18. Qf2 c4 19. d4 Rcc8 20. Rbd1 Rf7 21. Qg2 d5 22.
gxf5 exf5 23. exf5 Nxf5 24. Nxf5 gxf5 25. Bf2 Kh8 26. Kh1 Bf6 27. Qh3 Rg8 28.
Bh4 Bxh4 29. Qxh4 Qe7 30. Qh5 Rf6 31. Rde1 Re6 32. Re5 Rxe5 33. fxe5 Qe6 34.
Bg2 Qg6 35. Qxg6 hxg6 36. h4 Kg7 37. Kh2 Rh8 38. Kg3 Kf7 39. Rh1 Ke6 40. Kf4
Bc6 41. Bf3 Be8 42. Kg5 a5 43. Be2 Rh7 44. Rf1 Rh8 45. Rf2 Rh7 46. h5 gxh5 47.
Rxf5 Rg7+ 48. Kf4 Rg1 49. Rf6+ Ke7 50. Bf3 Rb1 51. Bxd5 Rxb2 52. Be4 b4 53.
axb4 axb4 54. cxb4 Rf2+ 55. Kg5 Re2 56. Bf5 c3 57. Re6+ Kd8 58. Rd6+ Ke7 59.
Rd5 Rg2+ 60. Kf4 Rf2+ 61. Kg5 Rg2+ 62. Kf4 1/2-1/2

[Event "Bundesliga 9697"]
[Site "Deutschland"]
[Date "1997.??.??"]
[Round "?.8"]
[White "Sievers, Stefan"]
[Black "Staiger, Frank"]
[Result "1/2-1/2"]
[WhiteElo "2375"]
[BlackElo "2290"]
[PlyCount "149"]
[EventDate "1996.10.??"]
[EventType "team"]
[EventRounds "15"]
[EventCountry "GER"]
[SourceTitle "Bundesliga 9697"]
[Source "DeepChess"]
[SourceDate "2005.01.01"]
[SourceVersion "1"]
[SourceVersionDate "2005.01.01"]
[SourceQuality "1"]
[WhiteTeam "Hamburger SK 1830 e.V."]
[BlackTeam "SC Eppingen e.V."]
[WhiteTeamCountry "GER"]
[BlackTeamCountry "GER"]

1. e4 c6 2. d4 d5 3. exd5 cxd5 4. c4 Nf6 5. Nc3 Nc6 6. Nf3 Bg4 7. cxd5 Nxd5 8.
Qb3 Nb6 9. d5 Bxf3 10. gxf3 Nd4 11. Bb5+ Nd7 12. Qa4 Nxb5 13. Qxb5 Qc7 14. O-O
a6 15. Qa4 g5 16. Re1 Rg8 17. Be3 Bg7 18. Rac1 Be5 19. h3 Kf8 20. Ne4 Qd8 21.
Qb4 b5 22. Rc6 Nb8 23. Rcc1 Nd7 24. Red1 f5 25. Nc5 Nxc5 26. Bxc5 Rg6 27. Kg2
Qd7 28. Re1 Bd6 29. Bxd6 Rxd6 30. Rcd1 Rc8 31. Re5 Rc4 32. Qd2 Kf7 33. b3 Rh4
34. Rde1 f4 35. Re6 Rh6 36. Qd3 Kg8 37. Qe4 Qc8 38. Kg1 Rhxe6 39. dxe6 Qc3 40.
Kg2 Kg7 41. a4 Qd4 42. Qb7 Kf6 43. axb5 axb5 44. Qb8 Rd8 45. Qxb5 h5 46. b4 Qd5
47. Qe2 g4 48. Qe4 Qxe4 49. Rxe4 Kf5 50. hxg4+ hxg4 51. Rc4 gxf3+ 52. Kxf3 Rd3+
53. Ke2 Rd6 54. b5 Rb6 55. Rb4 Kxe6 56. Kf3 Ke5 57. Kg4 Rg6+ 58. Kh5 Rg8 59. b6
Kf5 60. Rb5+ e5 61. Kh6 Ke4 62. Rb3 Kf5 63. b7 Rb8 64. Kg7 e4 65. Kf7 e3 66.
fxe3 f3 67. Rb4 f2 68. Rf4+ Ke5 69. Rxf2 Rxb7+ 70. Kg6 Ke4 71. Re2 Kf3 72. Re1
Kf2 73. Rh1 Kxe3 74. Re1+ Kf4 75. Rf1+ 1/2-1/2

[Event "Bundesliga 9697"]
[Site "Deutschland"]
[Date "1997.??.??"]
[Round "?.1"]
[White "Adams, Michael"]
[Black "Wahls, Matthias"]
[Result "1-0"]
[WhiteElo "2660"]
[BlackElo "2605"]
[PlyCount "107"]
[EventDate "1996.10.??"]
[EventType "team"]
[EventRounds "15"]
[EventCountry "GER"]
[SourceTitle "Bundesliga 9697"]
[Source "DeepChess"]
[SourceDate "2005.01.01"]
[SourceVersion "1"]
[SourceVersionDate "2005.01.01"]
[SourceQuality "1"]
[WhiteTeam "SG 1868 Aljech. Solingen"]
[BlackTeam "Hamburger SK 1830 e.V."]
[WhiteTeamCountry "GER"]
[BlackTeamCountry "GER"]

1. e4 e5 2. Nf3 Nc6 3. Bb5 a6 4. Ba4 Nf6 5. O-O Be7 6. Re1 b5 7. Bb3 O-O 8. d3
d6 9. a3 Re8 10. h3 h6 11. Nc3 Bf8 12. Bd2 Rb8 13. Nd5 Nxd5 14. Bxd5 Ne7 15.
Ba2 Ng6 16. d4 c5 17. c3 Bb7 18. d5 Bc8 19. b4 c4 20. Bb1 Be7 21. a4 Rf8 22.
Bc2 f5 23. exf5 Bxf5 24. axb5 axb5 25. Ra7 Ra8 26. Rb7 Rb8 27. Rxb8 Qxb8 28.
Bxf5 Rxf5 29. Qc2 Rf6 30. Nh2 Qe8 31. Ra1 Rf8 32. Ra7 Bd8 33. Rb7 e4 34. Be3
Nf4 35. Qd1 Nd3 36. Ng4 h5 37. Bd4 Rf7 38. Nh6+ gxh6 39. Qxh5 Ne5 40. Bxe5 dxe5
41. Qg6+ Kf8 42. Qxh6+ Kg8 43. Qg6+ Kf8 44. Rb8 Rf6 45. Qh7 e3 46. fxe3 Rd6 47.
Qh8+ Kf7 48. Rb7+ Be7 49. Qxe5 Kf8 50. e4 Qd8 51. Qh8+ Kf7 52. Qh7+ Kf8 53. Kh1
Qe8 54. e5 1-0

[Event "Bundesliga 9697"]
[Site "Deutschland"]
[Date "1997.??.??"]
[Round "?.2"]
[White "Ftacnik, Lubomir"]
[Black "Jussupow, Artur"]
[Result "1/2-1/2"]
[WhiteElo "2595"]
[BlackElo "2665"]
[PlyCount "44"]
[EventDate "1996.10.??"]
[EventType "team"]
[EventRounds "15"]
[EventCountry "GER"]
[SourceTitle "Bundesliga 9697"]
[Source "DeepChess"]
[SourceDate "2005.01.01"]
[SourceVersion "1"]
[SourceVersionDate "2005.01.01"]
[SourceQuality "1"]
[WhiteTeam "Hamburger SK 1830 e.V."]
[BlackTeam "SG 1868 Aljech. Solingen"]
[WhiteTeamCountry "GER"]
[BlackTeamCountry "GER"]

1. d4 Nf6 2. Nf3 e6 3. c4 Bb4+ 4. Bd2 a5 5. g3 b6 6. Bg2 O-O 7. O-O Ba6 8. Ne5
c6 9. Bxb4 axb4 10. a3 bxa3 11. Nxa3 d5 12. b4 Bb7 13. Qb3 Nbd7 14. Nd3 Qe7 15.
Ra2 Rfb8 16. cxd5 cxd5 17. Rfa1 Ne4 18. Nb5 Qd8 19. Qb2 Rxa2 20. Rxa2 Ra8 21.
f3 Nef6 22. Ne5 Rxa2 1/2-1/2

[Event "Bundesliga 9697"]
[Site "Deutschland"]
[Date "1997.??.??"]
[Round "?.5"]
[White "Bischoff, Klaus"]
[Black "Michaelsen, Nils"]
[Result "1/2-1/2"]
[WhiteElo "2550"]
[BlackElo "2440"]
[PlyCount "92"]
[EventDate "1996.10.??"]
[EventType "team"]
[EventRounds "15"]
[EventCountry "GER"]
[SourceTitle "Bundesliga 9697"]
[Source "DeepChess"]
[SourceDate "2005.01.01"]
[SourceVersion "1"]
[SourceVersionDate "2005.01.01"]
[SourceQuality "1"]
[WhiteTeam "SG 1868 Aljech. Solingen"]
[BlackTeam "Hamburger SK 1830 e.V."]
[WhiteTeamCountry "GER"]
[BlackTeamCountry "GER"]

1. Nf3 d5 2. c4 e6 3. d4 c5 4. e3 Nc6 5. cxd5 exd5 6. Bb5 Nf6 7. O-O Bd6 8.
dxc5 Bxc5 9. Nbd2 O-O 10. Bxc6 bxc6 11. Qc2 Qd6 12. b3 Ba6 13. Re1 Rfe8 14. Bb2
Bb6 15. Rac1 Rac8 16. Qf5 Qe6 17. Nd4 Bxd4 18. Qxe6 fxe6 19. exd4 Nd7 20. Nf3
c5 21. h4 c4 22. Ng5 Rc6 23. Re3 h6 24. Nh3 Nf6 25. f3 Rb8 26. Ba3 Bb5 27. Bc5
a5 28. Nf4 Kf7 29. h5 Ba6 30. Rf1 cxb3 31. axb3 Bc8 32. g4 Rb5 33. Kg2 Ra6 34.
Rc1 a4 35. bxa4 Rxa4 36. Bd6 Rc4 37. Rec3 Ba6 38. Kg3 Rb6 39. Bc5 Rb8 40. Rxc4
dxc4 41. Ra1 Ra8 42. Rb1 Nd7 43. Ng6 Rc8 44. Ra1 Ra8 45. Rb1 Rc8 46. Ra1 Ra8
1/2-1/2

[Event "Bundesliga 9697"]
[Site "Deutschland"]
[Date "1997.??.??"]
[Round "?.6"]
[White "Loeffler, Stefan"]
[Black "Podzielny, Karl Heinz"]
[Result "0-1"]
[WhiteElo "2410"]
[BlackElo "2490"]
[PlyCount "50"]
[EventDate "1996.10.??"]
[EventType "team"]
[EventRounds "15"]
[EventCountry "GER"]
[SourceTitle "Bundesliga 9697"]
[Source "DeepChess"]
[SourceDate "2005.01.01"]
[SourceVersion "1"]
[SourceVersionDate "2005.01.01"]
[SourceQuality "1"]
[WhiteTeam "Hamburger SK 1830 e.V."]
[BlackTeam "SG 1868 Aljech. Solingen"]
[WhiteTeamCountry "GER"]
[BlackTeamCountry "GER"]

1. d4 Nf6 2. c4 g6 3. Nc3 Bg7 4. e4 d6 5. Nf3 O-O 6. h3 a6 7. Bd3 c6 8. Be3 b5
9. cxb5 axb5 10. b4 Na6 11. a3 Nd7 12. Rc1 Nb6 13. d5 cxd5 14. Nxb5 Nc4 15.
Bxc4 dxc4 16. Rxc4 Qd7 17. a4 Qb7 18. O-O Be6 19. Rc1 Qxe4 20. Ng5 Qxb4 21.
Nxe6 fxe6 22. Re1 Rf5 23. Rc6 Qe4 24. Rb6 Qc4 25. a5 Rxb5 0-1

[Event "Bundesliga 9697"]
[Site "Deutschland"]
[Date "1997.??.??"]
[Round "?.7"]
[White "Schaefer, Markus"]
[Black "Heinemann, Thies"]
[Result "1/2-1/2"]
[WhiteElo "2435"]
[BlackElo "2425"]
[PlyCount "40"]
[EventDate "1996.10.??"]
[EventType "team"]
[EventRounds "15"]
[EventCountry "GER"]
[SourceTitle "Bundesliga 9697"]
[Source "DeepChess"]
[SourceDate "2005.01.01"]
[SourceVersion "1"]
[SourceVersionDate "2005.01.01"]
[SourceQuality "1"]
[WhiteTeam "SG 1868 Aljech. Solingen"]
[BlackTeam "Hamburger SK 1830 e.V."]
[WhiteTeamCountry "GER"]
[BlackTeamCountry "GER"]

1. e4 c5 2. Nf3 d6 3. Nc3 a6 4. g3 Nc6 5. Bg2 g6 6. O-O Bg7 7. d3 e6 8. Be3 Nd4
9. Qd2 Ne7 10. Bh6 O-O 11. Bxg7 Kxg7 12. Nh4 e5 13. Nd1 Be6 14. c3 Ndc6 15. f4
exf4 16. Qxf4 f6 17. Ne3 d5 18. exd5 Nxd5 19. Nxd5 Bxd5 20. Nf3 Qd7 1/2-1/2

[Event "Bundesliga 9697"]
[Site "Deutschland"]
[Date "1997.??.??"]
[Round "?.8"]
[White "Sievers, Stefan"]
[Black "Reeh, Oliver"]
[Result "0-1"]
[WhiteElo "2375"]
[BlackElo "2410"]
[PlyCount "158"]
[EventDate "1996.10.??"]
[EventType "team"]
[EventRounds "15"]
[EventCountry "GER"]
[SourceTitle "Bundesliga 9697"]
[Source "DeepChess"]
[SourceDate "2005.01.01"]
[SourceVersion "1"]
[SourceVersionDate "2005.01.01"]
[SourceQuality "1"]
[WhiteTeam "Hamburger SK 1830 e.V."]
[BlackTeam "SG 1868 Aljech. Solingen"]
[WhiteTeamCountry "GER"]
[BlackTeamCountry "GER"]

1. e4 c5 2. Nc3 Nc6 3. Nge2 d6 4. g3 g6 5. Bg2 Bg7 6. O-O e6 7. d3 Nge7 8. Be3
Nd4 9. Qd2 O-O 10. f4 Rb8 11. Rab1 b5 12. b4 Qc7 13. a3 Bd7 14. Kh1 a5 15. bxc5
dxc5 16. e5 Nef5 17. Bf2 Bc6 18. Ne4 Nxe2 19. Qxe2 Nd4 20. Qd2 Bxe4 21. Bxe4 a4
22. Rb2 Rfc8 23. Rfb1 Bf8 24. Be3 Qd7 25. Qf2 Nf5 26. Bd2 b4 27. Qe1 Nd4 28. c3
Nb3 29. cxb4 cxb4 30. Bxb4 Bxb4 31. axb4 Qd4 32. Rxb3 axb3 33. Rxb3 Rc2 34. b5
Ra2 35. Rb1 Qc5 36. Qg1 Rxb5 37. Qxc5 Rxc5 38. Kg1 Rcc2 39. h4 Rab2 40. Ra1 Ra2
41. Rb1 h5 42. Rb8+ Kg7 43. Rb1 Re2 44. Rf1 Rad2 45. Kh1 Re3 46. Rg1 Ree2 47.
Rf1 Kf8 48. Kg1 Re3 49. Rf3 Rxf3 50. Bxf3 Rxd3 51. Kf2 Rc3 52. Be4 Ke7 53. Bb7
f6 54. exf6+ Kxf6 55. Be4 Rb3 56. Kg2 Re3 57. Bb1 e5 58. fxe5+ Rxe5 59. Kf3 Rb5
60. Be4 Rb4 61. Kf4 Ra4 62. Kf3 Ra1 63. Kg2 Ra6 64. Kf2 Ke5 65. Bf3 Ra2+ 66.
Kf1 Kd4 67. Bc6 Ke3 68. Bd5 Ra5 69. Bc6 g5 70. hxg5 Rxg5 71. Kg2 h4 72. Kh3
hxg3 73. Kg2 Kf4 74. Bb7 Rc5 75. Kg1 Kg4 76. Kg2 Rc2+ 77. Kh1 Rb2 78. Bc6 g2+
79. Kh2 Rf2 0-1

[Event "Bundesliga 9697"]
[Site "Deutschland"]
[Date "1996.??.??"]
[Round "?.2"]
[White "Ftacnik, Lubomir"]
[Black "Smagin, Sergey"]
[Result "1/2-1/2"]
[WhiteElo "2610"]
[BlackElo "2580"]
[PlyCount "30"]
[EventDate "1996.10.??"]
[EventType "team"]
[EventRounds "15"]
[EventCountry "GER"]
[SourceTitle "Bundesliga 9697"]
[Source "DeepChess"]
[SourceDate "2005.01.01"]
[SourceVersion "1"]
[SourceVersionDate "2005.01.01"]
[SourceQuality "1"]
[WhiteTeam "Hamburger SK 1830 e.V."]
[BlackTeam "SG Bochum 31"]
[WhiteTeamCountry "GER"]
[BlackTeamCountry "GER"]

1. d4 Nf6 2. Nf3 d5 3. c4 e6 4. g3 dxc4 5. Qa4+ Nbd7 6. Bg2 a6 7. Qxc4 b5 8.
Qc6 Rb8 9. Bf4 Nd5 10. Bg5 Be7 11. Bxe7 Qxe7 12. Nc3 Nb4 13. Qe4 Bb7 14. Qb1 c5
15. dxc5 Nxc5 1/2-1/2

[Event "Bundesliga 9697"]
[Site "Deutschland"]
[Date "1996.??.??"]
[Round "?.3"]
[White "Nijboer, Friso"]
[Black "Mueller, Karsten"]
[Result "1-0"]
[WhiteElo "2525"]
[BlackElo "2490"]
[PlyCount "135"]
[EventDate "1996.10.??"]
[EventType "team"]
[EventRounds "15"]
[EventCountry "GER"]
[SourceTitle "Bundesliga 9697"]
[Source "DeepChess"]
[SourceDate "2005.01.01"]
[SourceVersion "1"]
[SourceVersionDate "2005.01.01"]
[SourceQuality "1"]
[WhiteTeam "SG Bochum 31"]
[BlackTeam "Hamburger SK 1830 e.V."]
[WhiteTeamCountry "GER"]
[BlackTeamCountry "GER"]

1. e4 e6 2. d4 d5 3. Nc3 Bb4 4. e5 Qd7 5. Nge2 b6 6. Nf4 Ba6 7. Qg4 Bf8 8. Bxa6
Nxa6 9. Qe2 Nb4 10. O-O Ne7 11. Rd1 Nf5 12. g4 Ne7 13. Nh5 h6 14. Be3 O-O-O 15.
f4 Ng8 16. a4 g6 17. Ng3 a6 18. Na2 Kb7 19. Nxb4 Bxb4 20. b3 f5 21. gxf5 exf5
22. c4 Ne7 23. Bd2 Nc6 24. Bxb4 Nxb4 25. a5 Ra8 26. Nf1 g5 27. Qd2 Nc6 28. axb6
cxb6 29. cxd5 Qxd5 30. Ne3 Qe4 31. Nc4 Qd5 32. Qg2 Ne7 33. Nd6+ Kc7 34. fxg5
Qxg2+ 35. Kxg2 hxg5 36. d5 Rhd8 37. Rac1+ Kb8 38. Rc4 Ra7 39. Rcd4 Ng6 40. Nc4
Re7 41. e6 Kb7 42. Re1 Rxd5 43. Rxd5 Nf4+ 44. Kf3 Nxd5 45. Nd6+ Kc6 46. Nxf5
Rh7 47. Ke4 Nf6+ 48. Ke5 Ng4+ 49. Kd4 Nf6 50. Rc1+ Kb5 51. Rc4 a5 52. Ke5 Nd7+
53. exd7 Rxd7 54. Nd6+ Ka6 55. Rc8 Ka7 56. Kd5 Rh7 57. Kc6 Rh6 58. Rg8 g4 59.
Rg7+ Ka6 60. Rg8 Ka7 61. Rxg4 Rxh2 62. Rg7+ Ka6 63. Rg8 Rc2+ 64. Nc4 Ka7 65.
Kb5 Rc3 66. Rg7+ Kb8 67. Nxb6 a4 68. Ka6 1-0

[Event "Bundesliga 9697"]
[Site "Deutschland"]
[Date "1996.??.??"]
[Round "?.4"]
[White "Movsziszian, Karen"]
[Black "Schmittdiel, Eckhard"]
[Result "1/2-1/2"]
[WhiteElo "2470"]
[BlackElo "2440"]
[PlyCount "103"]
[EventDate "1996.10.??"]
[EventType "team"]
[EventRounds "15"]
[EventCountry "GER"]
[SourceTitle "Bundesliga 9697"]
[Source "DeepChess"]
[SourceDate "2005.01.01"]
[SourceVersion "1"]
[SourceVersionDate "2005.01.01"]
[SourceQuality "1"]
[WhiteTeam "Hamburger SK 1830 e.V."]
[BlackTeam "SG Bochum 31"]
[WhiteTeamCountry "GER"]
[BlackTeamCountry "GER"]

1. e4 c5 2. Nf3 Nc6 3. d4 cxd4 4. Nxd4 e5 5. Nb5 d6 6. a4 Be7 7. N1c3 a6 8. Na3
Nf6 9. Bg5 Nxe4 10. Nxe4 Bxg5 11. Nxd6+ Ke7 12. Nac4 Be6 13. Qh5 Bd2+ 14. Nxd2
Qxd6 15. Bd3 f6 16. O-O Nb4 17. Ra3 Rac8 18. Qf3 Nxc2 19. Rc3 Rxc3 20. bxc3 Rd8
21. Bxc2 Qxd2 22. Qxb7+ Rd7 23. Qb4+ Kf7 24. Bb3 Bxb3 25. Qxb3+ Qd5 26. c4 Qd3
27. Qb4 e4 28. c5 e3 29. fxe3 Qxe3+ 30. Kh1 Qe2 31. Re1 Rd4 32. Qb3+ Qc4 33.
Qe3 Kg6 34. c6 Rd3 35. Qe8+ Kh6 36. h3 Rc3 37. Re4 Qf1+ 38. Kh2 Qf2 39. Re1
Qf4+ 40. Kh1 Qc4 41. Re4 Qf1+ 42. Kh2 Qf2 43. Qb8 Rxc6 44. Qb4 f5 45. Rh4+ Kg6
46. Qe7 Qb6 47. Qe8+ Kf6 48. Qf8+ Kg5 49. Qe7+ Kg6 50. Qe8+ Kf6 51. Qf8+ Kg5
52. Qe7+ 1/2-1/2

[Event "Bundesliga 9697"]
[Site "Deutschland"]
[Date "1996.??.??"]
[Round "?.6"]
[White "Loeffler, Stefan"]
[Black "Reschke, Stefan"]
[Result "1/2-1/2"]
[WhiteElo "2410"]
[BlackElo "2400"]
[PlyCount "50"]
[EventDate "1996.10.??"]
[EventType "team"]
[EventRounds "15"]
[EventCountry "GER"]
[SourceTitle "Bundesliga 9697"]
[Source "DeepChess"]
[SourceDate "2005.01.01"]
[SourceVersion "1"]
[SourceVersionDate "2005.01.01"]
[SourceQuality "1"]
[WhiteTeam "Hamburger SK 1830 e.V."]
[BlackTeam "SG Bochum 31"]
[WhiteTeamCountry "GER"]
[BlackTeamCountry "GER"]

1. Nf3 Nf6 2. c4 g6 3. Nc3 Bg7 4. g3 O-O 5. Bg2 d6 6. O-O e5 7. d4 Nbd7 8. e4
c6 9. b3 Re8 10. Re1 Qb6 11. Bb2 exd4 12. Nxd4 Nc5 13. Qc2 a5 14. Rad1 a4 15.
bxa4 Ng4 16. Nf3 Ne5 17. Nxe5 dxe5 18. Rb1 Qa7 19. Bc1 Nxa4 20. Be3 Qa5 21.
Nxa4 Qxa4 22. Qc3 Be6 23. Rxb7 Qxc4 24. Qxc4 Bxc4 25. Rc1 Bxa2 1/2-1/2

[Event "Bundesliga 9697"]
[Site "Deutschland"]
[Date "1996.??.??"]
[Round "?.7"]
[White "Ellers, Holger"]
[Black "Heinemann, Thies"]
[Result "0-1"]
[WhiteElo "2305"]
[BlackElo "2420"]
[PlyCount "78"]
[EventDate "1996.10.??"]
[EventType "team"]
[EventRounds "15"]
[EventCountry "GER"]
[SourceTitle "Bundesliga 9697"]
[Source "DeepChess"]
[SourceDate "2005.01.01"]
[SourceVersion "1"]
[SourceVersionDate "2005.01.01"]
[SourceQuality "1"]
[WhiteTeam "SG Bochum 31"]
[BlackTeam "Hamburger SK 1830 e.V."]
[WhiteTeamCountry "GER"]
[BlackTeamCountry "GER"]

1. d4 Nf6 2. c4 c5 3. d5 b5 4. cxb5 a6 5. bxa6 g6 6. Nc3 Bxa6 7. f4 d6 8. Nf3
Bg7 9. e4 Bxf1 10. Rxf1 Nfd7 11. Rf2 O-O 12. Kf1 Qa5 13. Kg1 Na6 14. Re2 Nb4
15. e5 Nb6 16. e6 f5 17. a3 c4 18. Nd4 N4xd5 19. Ndb5 Nxc3 20. Nxc3 d5 21. Be3
d4 22. Bxd4 Rfd8 23. Re5 Bxe5 24. fxe5 Nd5 25. Qf1 Qa6 26. Rd1 Nxc3 27. Bxc3
Qb6+ 28. Kh1 Rxd1 29. Qxd1 Rd8 30. Qe2 f4 31. h3 Qe3 32. Qf1 Rd3 33. a4 Qe4 34.
Kh2 f3 35. Qf2 Qe2 36. Kg3 fxg2+ 37. Kxg2 Qe4+ 38. Kh2 Rf3 39. Qd2 Kg7 0-1

[Event "Bundesliga 9697"]
[Site "Deutschland"]
[Date "1996.??.??"]
[Round "?.8"]
[White "Wegner, Hannu"]
[Black "Buenermann, Volker"]
[Result "1/2-1/2"]
[WhiteElo "2350"]
[BlackElo "2350"]
[PlyCount "82"]
[EventDate "1996.10.??"]
[EventType "team"]
[EventRounds "15"]
[EventCountry "GER"]
[SourceTitle "Bundesliga 9697"]
[Source "DeepChess"]
[SourceDate "2005.01.01"]
[SourceVersion "1"]
[SourceVersionDate "2005.01.01"]
[SourceQuality "1"]
[WhiteTeam "Hamburger SK 1830 e.V."]
[BlackTeam "SG Bochum 31"]
[WhiteTeamCountry "GER"]
[BlackTeamCountry "GER"]

1. Nf3 Nf6 2. c4 g6 3. Nc3 Bg7 4. e4 d6 5. d4 O-O 6. Be2 e5 7. d5 Na6 8. Bg5 h6
9. Bh4 g5 10. Bg3 Nxe4 11. Nxe4 f5 12. Nfd2 fxe4 13. Nxe4 Bf5 14. Bd3 g4 15. f3
Bxe4 16. fxe4 Nc5 17. Bf2 Qg5 18. Qe2 h5 19. Bc2 Bh6 20. O-O a5 21. Bxc5 dxc5
22. Rf5 Qe3+ 23. Qxe3 Bxe3+ 24. Kf1 Rxf5+ 25. exf5 Bd4 26. a4 Kf7 27. Ke2 Kf6
28. Rf1 Rg8 29. b3 h4 30. Be4 Rg7 31. Kd3 Rg5 32. Ke2 Rg8 33. Kd3 Rh8 34. Ke2
Rg8 35. Kd3 g3 36. h3 Bf2 37. Ke2 Kg5 38. Kf3 Rf8 39. Rd1 Rf6 40. Bc2 Rb6 41.
Ke4 Bd4 1/2-1/2

[Event "Bundesliga 9697"]
[Site "Deutschland"]
[Date "1996.??.??"]
[Round "?.1"]
[White "Wahls, Matthias"]
[Black "Lutz, Christopher"]
[Result "0-1"]
[WhiteElo "2540"]
[BlackElo "2565"]
[PlyCount "70"]
[EventDate "1996.10.??"]
[EventType "team"]
[EventRounds "15"]
[EventCountry "GER"]
[SourceTitle "Bundesliga 9697"]
[Source "DeepChess"]
[SourceDate "2005.01.01"]
[SourceVersion "1"]
[SourceVersionDate "2005.01.01"]
[SourceQuality "1"]
[WhiteTeam "Hamburger SK 1830 e.V."]
[BlackTeam "SG Porz e.V."]
[WhiteTeamCountry "GER"]
[BlackTeamCountry "GER"]

1. e4 c5 2. Nf3 d6 3. d4 cxd4 4. Nxd4 Nf6 5. Nc3 a6 6. f4 e5 7. Nf3 Nbd7 8. a4
Be7 9. Bd3 O-O 10. O-O exf4 11. Bxf4 Ne5 12. Kh1 Nfg4 13. Nd5 Nxf3 14. Qxf3 Bg5
15. Bg3 Bh4 16. a5 Be6 17. Nb6 Bxg3 18. Qxg3 Rb8 19. Bc4 Ne5 20. Bd5 Qc7 21. c4
Bxd5 22. exd5 f5 23. b4 f4 24. Rxf4 Rxf4 25. Qxf4 Rf8 26. Qd4 Qf7 27. h3 Qg6
28. c5 Qg3 29. Qe4 Rf4 30. c6 Rxe4 31. c7 Re1+ 32. Rxe1 Qxe1+ 33. Kh2 Nf3+ 34.
gxf3 Qf2+ 35. Kh1 Qxf3+ 0-1

[Event "Bundesliga 9697"]
[Site "Deutschland"]
[Date "1996.??.??"]
[Round "?.2"]
[White "Huebner, Robert"]
[Black "Ftacnik, Lubomir"]
[Result "0-1"]
[WhiteElo "2595"]
[BlackElo "2610"]
[PlyCount "70"]
[EventDate "1996.10.??"]
[EventType "team"]
[EventRounds "15"]
[EventCountry "GER"]
[SourceTitle "Bundesliga 9697"]
[Source "DeepChess"]
[SourceDate "2005.01.01"]
[SourceVersion "1"]
[SourceVersionDate "2005.01.01"]
[SourceQuality "1"]
[WhiteTeam "SG Porz e.V."]
[BlackTeam "Hamburger SK 1830 e.V."]
[WhiteTeamCountry "GER"]
[BlackTeamCountry "GER"]

1. e4 c5 2. Nf3 d6 3. d4 cxd4 4. Qxd4 a6 5. c4 Nc6 6. Qd2 g6 7. b3 Bg7 8. Nc3
Bg4 9. Be2 Bxf3 10. Bxf3 Bh6 11. Qd1 Bxc1 12. Rxc1 Nf6 13. O-O O-O 14. Re1 Qa5
15. g3 h5 16. Bg2 h4 17. a4 hxg3 18. hxg3 Kg7 19. Nd5 Rad8 20. b4 Nxb4 21. Nxe7
Rfe8 22. Nd5 Nbxd5 23. cxd5 Rc8 24. Qd4 Rc5 25. Red1 Rec8 26. Rxc5 Qxc5 27. Bh3
Qxd4 28. Rxd4 Rc1+ 29. Kg2 b5 30. axb5 axb5 31. Kf3 Rb1 32. Ke3 b4 33. Kf3 b3
34. Rb4 b2 35. Bg4 Nxe4 0-1

[Event "Bundesliga 9697"]
[Site "Deutschland"]
[Date "1996.??.??"]
[Round "?.3"]
[White "Mueller, Karsten"]
[Black "Christiansen, Larry Mark"]
[Result "1-0"]
[WhiteElo "2490"]
[BlackElo "2555"]
[PlyCount "141"]
[EventDate "1996.10.??"]
[EventType "team"]
[EventRounds "15"]
[EventCountry "GER"]
[SourceTitle "Bundesliga 9697"]
[Source "DeepChess"]
[SourceDate "2005.01.01"]
[SourceVersion "1"]
[SourceVersionDate "2005.01.01"]
[SourceQuality "1"]
[WhiteTeam "Hamburger SK 1830 e.V."]
[BlackTeam "SG Porz e.V."]
[WhiteTeamCountry "GER"]
[BlackTeamCountry "GER"]

1. e4 c5 2. Nf3 Nc6 3. d4 cxd4 4. Nxd4 g6 5. c4 Nf6 6. Nc3 d6 7. Be2 Nxd4 8.
Qxd4 Bg7 9. Bg5 O-O 10. O-O Be6 11. Qd2 Qa5 12. Rac1 Rfc8 13. b3 a6 14. Bf3
Rab8 15. Nd5 Qxd2 16. Bxd2 Nxd5 17. exd5 Bf5 18. Bg5 Re8 19. g4 Bd7 20. Rfe1
Bb2 21. Rc2 f6 22. Be3 Ba3 23. Bb6 Kf7 24. Rb1 f5 25. b4 fxg4 26. Be4 a5 27.
bxa5 Rbc8 28. Rc3 Bc5 29. Bxc5 Rxc5 30. Rxb7 Bc8 31. Rb5 Ba6 32. Rxc5 dxc5 33.
Bd3 e6 34. Be4 Kf6 35. dxe6 Rxe6 36. Bd5 Re1+ 37. Kg2 Kg5 38. Re3 Rc1 39. Re5+
Kh4 40. Re4 Rc2 41. h3 Rxa2 42. Rxg4+ Kh5 43. Re4 Ra4 44. Kg3 Kh6 45. h4 Ra3+
46. f3 Ra4 47. Kf4 Kh5 48. Kg3 Kh6 49. Re6 Rxa5 50. Re7 Bc8 51. Bg8 g5 52.
Rxh7+ Kg6 53. h5+ Kf6 54. Rc7 Bf5 55. h6 Ra1 56. Rc6+ Ke5 57. Rxc5+ Kf6 58. Rc7
Rh1 59. h7 Rh3+ 60. Kg2 Rh4 61. c5 g4 62. fxg4 Rxg4+ 63. Kf3 Rh4 64. Rf7+ Ke5
65. Rxf5+ Kxf5 66. c6 Kg6 67. c7 Rh3+ 68. Kg4 Rc3 69. h8=Q Rc4+ 70. Kf3 Rf4+
71. Ke3 1-0